000 00422nam a2200169Ia 4500
005 20240823042032.0
008 240823s9999||||xx |||||||||||||| ||und||
041 _aENGLISH
082 _A519 N5
100 _aSingaravelu A.
245 0 _aEngineering Mathematics
250 _a2nd
260 _c1995
_b"Meenakshi,Nagapattnam"
500 _aTRANSFERED
650 _aEngineering Mathematics
_bMathematics
942 _cBK
999 _c206915
_d206915